000
00265nam a2200109Ia 4500
001
1272239
005
20260417151424.0
008
260417s9999 xx 000 0 und d
020
_a
9786256999671
245
0
_a
Alev Kuyruk
_c
Alexandra Page
260
_b
Ketebe Çocuk
999
_c
1272239
_d
1272239